000
00285nam a2200109 a 4500
005
20140513081057.0
008
071022s19uu xx 00 eng d
050
_a
VCD
_b
Bo663 2005
245
_a
Bob the builder :
_b
naughty Spud.
260
_a
Phils :
_b
Viva Video,
_c
2005.
999
_c
116584
_d
116584